Women Empowerment Through self- help Groups (SHGS) in Andhra Pradesh: (Record no. 38746)
[ view plain ]
| 000 -LEADER | |
|---|---|
| fixed length control field | 00458nam a22000977a 4500 |
| 082 ## - DEWEY DECIMAL CLASSIFICATION NUMBER | |
| Classification number | RQ.0007 |
| 100 ## - MAIN ENTRY--AUTHOR NAME | |
| Personal name | Rao, Allu Gowri Sankar |
| Affiliation | Acharya Nagarjuna University |
| Place | Guntur, Andhra Pradesh |
| 245 ## - TITLE STATEMENT | |
| Title | Women Empowerment Through self- help Groups (SHGS) in Andhra Pradesh: |
| Sub Title | A study |
| Statement of responsibility, etc | By Allu Gowri Sankar Rao |
| 650 ## - SUBJECT ADDED ENTRY--TOPICAL TERM | |
| Topical Term | Mutual help support groups |
| -- | Human females |
| Form subdivision | Teacher work groups |
| General subdivision | Group counseling |
| -- | Working class women |
| Geographic subdivision | India |
| -- | Andhra Pradesh |
| 942 ## - ADDED ENTRY ELEMENTS (KOHA) | |
| Source of classification or shelving scheme | Dewey Decimal Classification |
| Koha item type | Research Reports |
| Withdrawn status | Lost status | Damaged status | Not for loan | Home library | Current library | Date acquired | Full call number | Accession Number | Price effective from | Koha item type |
|---|---|---|---|---|---|---|---|---|---|---|
| NASSDOC Library | NASSDOC Library | 05/04/2024 | RQ.0007 | 53792 | 05/04/2024 | Research Reports |
